00454nam a2200145 a 450000100100000000500170001000800410002704000250006808200150009310000210010824500600012926000360018930000210022550000620024600001652420200929164926.0100308s1987 dr 000 0 spa d aDO-SdBNPbspacBNPHU axxxbA473r1 aAlvarez, Eduardo10aRelaciones públicas & otros temas /cEduardo Alvarez. aSanto Domingo :bTaller,c1987. a142 p. ;c19 cm. aIncluye datos biográficos del autor en la contraportada